000 00707nam a22001935i 4500
001 172802
003 ES-MaACL
005 20250831061535.0
008 090909s1935 sp |||| | spa d
245 0 0 _aRégimen relativo a la prohibición de importar productos.
260 _aMadrid :
_b[s.n.],
_c1935 (
_fImpr. del Ministerio de Estado)
300 _a11 p. ;
_c24 cm.
490 1 _aPublicaciones del Ministerio de Estado. Serie G. Comercio exterior Año 1935 ;
_v4
500 _aLa cubierta sirve de portada.
710 1 _aEspaña.
_bMinisterio de Estado.
_93866
830 0 0 _aPublicaciones del Ministerio de Estado
_v4
_9189119
852 _aES-MaACL
_j2300-F-19
999 _c172802
_d172802